Statistics for History of Colorado

Click here to take the quiz!

General Stats

  • This quiz has been taken 32 times
  • The average score is 10 of 16

Answer Stats

QuestionAnswer% Correct
What did Colorado legalize in 2012 - becoming the first state to do so?Recreational Marijuana
100%
Who wrote Colorado's official state song, "Rocky Mountain High"?John Denver
87%
What attracted hundreds of new settlers in the 1800s?Gold
87%
What event did Colorado turn down in 1976 because of the cost and pollution?Winter Olympics
87%
What leutinant first discovered a famous "peak" in Central Colorado in 1806?Zebulon {Pike}
77%
What animated TV show was created by Trey Parker and Matt Stone?South Park
77%
In what city did the 1999 Colorado school shooting incident take place?Columbine
74%
What tycoon founded Colorado's best-selling brand of beer?Adolph Coors
74%
Name one of the three Indian tribes that fought against the federal government
in the Colorado War between 1864–1865.
Cheyenne |
Arapaho | Sioux
65%
What child beauty queen was murdered in 1996?JonBenét Ramsey
61%
What Serbian scientist set up an experimental station in Colorado in 1899?Nikola Tesla
61%
Colorado gained statehood four weeks after what World's Fair - which gave
Colorado's nickname?
{Centennial} Exposition
48%
During the screening of what Christopher Nolan movie did James Holmes in
2012 mass murder 12 people in Aurora?
The Dark Knight Rises
39%
What did Colorado become the first state to decriminalize in 1967?Abortion
26%
What pop rock band was formed in 2002 by Ryan Tedder as lead singer?OneRepublic
19%
The first exhibition of what "American sport" was held in Deer Trail in 1869?Rodeo
19%

Score Distribution

Percentile by Number Answered

Percent of People with Each Score

Your Score History

You have not taken this quiz